000 01211nam a22001577a 4500
003 OSt
005 20231226094816.0
008 231226s2007 ag ||||| |||| 00| 0 spa d
040 _cbesoc
100 _aKenyon, Sherrilyn
_eautor
245 _aActitud Provocadora
_bSerie Agente Secretos 1
_cSherrilyn Kenyon
260 _aBarcelona
_bLibros del Atril
_c2007
300 _a299 p.
520 _aLa agente Sydney Westbrook debe encontrar al asesino perfecto para realizar una misión de contraterrorismo. J.D. Stelle, un agente de las fuerzas especiales americanas cuya actitud contestataria lo obligó a permanecer en prisión durante una temporada parece el candidato ideal. Aunque Sydney ha estudiado a conciencia el currículum de Steele, lo que sabe sobre el atractivo agente es más bien poco; los dos pertenecen al mundo secreto de los espías y cualquier información de más puede poner en peligro la vida y la misión del agente. Por ello Sydney tarda en descubrir que tras la fachada altiva y arrogante de Steele se esconde un hombre que ni siquiera él reconoce y que, contra todo pronóstico, estará dispuesto a arriesgar su vida por salvar la de la única mujer a la que ha amado.
942 _2udc
_cLPD
_n0
999 _c170
_d170